<?xml version="1.0" encoding="UTF-8"?><?xml-stylesheet type="text/xsl" href="static/style.xsl"?><OAI-PMH xmlns="http://www.openarchives.org/OAI/2.0/" xmlns:xsi="http://www.w3.org/2001/XMLSchema-instance" xsi:schemaLocation="http://www.openarchives.org/OAI/2.0/ http://www.openarchives.org/OAI/2.0/OAI-PMH.xsd"><responseDate>2026-04-13T04:56:12Z</responseDate><request verb="GetRecord" identifier="oai:www.recercat.cat:2117/404022" metadataPrefix="marc">https://recercat.cat/oai/request</request><GetRecord><record><header><identifier>oai:recercat.cat:2117/404022</identifier><datestamp>2026-01-30T03:09:05Z</datestamp><setSpec>com_2072_1033</setSpec><setSpec>col_2072_452950</setSpec></header><metadata><record xmlns="http://www.loc.gov/MARC21/slim" xmlns:dcterms="http://purl.org/dc/terms/" xmlns:xsi="http://www.w3.org/2001/XMLSchema-instance" xmlns:doc="http://www.lyncode.com/xoai" xsi:schemaLocation="http://www.loc.gov/MARC21/slim http://www.loc.gov/standards/marcxml/schema/MARC21slim.xsd">
   <leader>00925njm 22002777a 4500</leader>
   <datafield ind2=" " ind1=" " tag="042">
      <subfield code="a">dc</subfield>
   </datafield>
   <datafield ind2=" " ind1=" " tag="720">
      <subfield code="a">Yubuki, Naoji</subfield>
      <subfield code="e">author</subfield>
   </datafield>
   <datafield ind2=" " ind1=" " tag="720">
      <subfield code="a">Torruella, Guifrè</subfield>
      <subfield code="e">author</subfield>
   </datafield>
   <datafield ind2=" " ind1=" " tag="720">
      <subfield code="a">Galindo, Luis Javier</subfield>
      <subfield code="e">author</subfield>
   </datafield>
   <datafield ind2=" " ind1=" " tag="720">
      <subfield code="a">Heiss, Aaron A.</subfield>
      <subfield code="e">author</subfield>
   </datafield>
   <datafield ind2=" " ind1=" " tag="720">
      <subfield code="a">Ciobanu, Maria Cristina</subfield>
      <subfield code="e">author</subfield>
   </datafield>
   <datafield ind2=" " ind1=" " tag="260">
      <subfield code="c">2023</subfield>
   </datafield>
   <datafield ind2=" " ind1=" " tag="520">
      <subfield code="a">Abstract Ancyromonads are small biflagellated protists with a bean-shaped morphology. They are cosmopolitan in marine, freshwater, and soil environments, where they attach to surfaces while feeding on bacteria. These poorly known grazers stand out by their uncertain phylogenetic position in the tree of eukaryotes, forming a deep-branching “orphan” lineage that is considered key to a better understanding of the early evolution of eukaryotes. Despite their ecological and evolutionary interest, only limited knowledge exists about their true diversity. Here, we aimed to characterize ancyromonads better by integrating environmental surveys with behavioral observation and description of cell morphology, for which sample isolation and culturing are indispensable. We studied 18 ancyromonad strains, including 14 new isolates and seven new species. We described three new and genetically divergent genera: Caraotamonas, Nyramonas, and Olneymonas, together encompassing four species. The remaining three new species belong to the already-known genera Fabomonas and Ancyromonas. We also raised Striomonas, formerly a subgenus of Nutomonas, to full genus status, on morphological and phylogenetic grounds. We studied the morphology of diverse ancyromonads under light and electron microscopy and carried out molecular phylogenetic analyses, also including 18S rRNA gene sequences from several environmental surveys. Based on these analyses, we have updated the taxonomy of Ancyromonadida.</subfield>
   </datafield>
   <datafield ind2=" " ind1=" " tag="520">
      <subfield code="a">This project has received funding from the European Research Council (ERC) under the European Union's Horizon 2020 research and innovation programme (ERC Starting Grant No 803151 to L.E. and ERC Advanced Grants No 322669 and 787904 to P.L.-G. and D.M., respectively). GT was supported by the 2019 BP 00208 Beatriu de Pinos-3 Postdoctoral Program (BP3; 801370). LG was funded by the Horizon 2020 research and innovation programme under the European Marie Skłodowska-Curie Individual Fellowship H2020-MSCA-IF-2020 (grant agreement no. 101022101 —FungEye). We are thankful for access to the Imagerie-Gif core facility at the Institute for Integrative Biology of the Cell (Gif-sur-Yvette, France) and the Electron Microscopy Facility (EMF) of the Institut de Biologie Paris-Seine (Paris, France). We thank members of the UNICELL single-cell genomics platform (https://www.deemteam.fr/en/unicell) for help in cell isolation and rRNA gene sequencing. We also thank Kaleigh Lukacs for assistance with culture maintenance.</subfield>
   </datafield>
   <datafield ind2=" " ind1=" " tag="520">
      <subfield code="a">Peer Reviewed</subfield>
   </datafield>
   <datafield ind2=" " ind1=" " tag="520">
      <subfield code="a">"Article signat per 12 autors/es: Naoji Yubuki, Guifré Torruella, Luis Javier Galindo, Aaron A. Heiss, Maria Cristina Ciobanu, Takashi Shiratori, Ken-ichiro Ishida, Jazmin Blaz, Eunsoo Kim, David Moreira, Purificación López-García, Laura Eme"</subfield>
   </datafield>
   <datafield ind2=" " ind1=" " tag="520">
      <subfield code="a">Postprint (published version)</subfield>
   </datafield>
   <datafield tag="653" ind2=" " ind1=" ">
      <subfield code="a">Àrees temàtiques de la UPC::Informàtica::Aplicacions de la informàtica::Bioinformàtica</subfield>
   </datafield>
   <datafield tag="653" ind2=" " ind1=" ">
      <subfield code="a">Eukaryotic cell genetics</subfield>
   </datafield>
   <datafield tag="653" ind2=" " ind1=" ">
      <subfield code="a">Ancyromonad</subfield>
   </datafield>
   <datafield tag="653" ind2=" " ind1=" ">
      <subfield code="a">Cultivation</subfield>
   </datafield>
   <datafield tag="653" ind2=" " ind1=" ">
      <subfield code="a">Deep-branching eukaryote</subfield>
   </datafield>
   <datafield tag="653" ind2=" " ind1=" ">
      <subfield code="a">Environmental survey</subfield>
   </datafield>
   <datafield tag="653" ind2=" " ind1=" ">
      <subfield code="a">Free-living flagellate</subfield>
   </datafield>
   <datafield tag="653" ind2=" " ind1=" ">
      <subfield code="a">Microscopy</subfield>
   </datafield>
   <datafield tag="653" ind2=" " ind1=" ">
      <subfield code="a">Orphan lineage</subfield>
   </datafield>
   <datafield tag="653" ind2=" " ind1=" ">
      <subfield code="a">Phylogeny</subfield>
   </datafield>
   <datafield tag="653" ind2=" " ind1=" ">
      <subfield code="a">Taxonomy</subfield>
   </datafield>
   <datafield tag="653" ind2=" " ind1=" ">
      <subfield code="a">Genòmica</subfield>
   </datafield>
   <datafield ind2="0" ind1="0" tag="245">
      <subfield code="a">Molecular and morphological characterization of four new ancyromonad genera and proposal for an updated taxonomy of the Ancyromonadida</subfield>
   </datafield>
</record></metadata></record></GetRecord></OAI-PMH>